000 00563nam a2200193Ia 4500
005 20250508161008.0
008 008 250505s9999 xx 000 0 eng d
037 _aTextual
040 _aFEDL
_beng
_cFEDL
041 _aeng
_2eng
084 _a370.9, PHI
_qFEDL
100 _aPhilips C.H. Ed.
_9769963
245 0 _aIndian society and the beginning of modernisation
260 _aLondon, UK
_bSchool of Oriental and African Studies
_c1976
300 _a243p.
650 _aEducation
942 _cTEXL
_h370.9, PHI
999 _c1367818
_d1367818